Normal view
MARC view
- Morales Garza, Sofialeticia
Entry Nombre Personal
001 - NUMERO DE CONTROL
- campo de control: 40911
003 - IDENTIFICADOR DE NUMERO DE CONTROL
- campo de control: UPN
005 - FECHA Y HORA DE LA ÜLTIMA TRANSACCIÓN
- campo de control: 20210219194602.0
008 - DATOS DE LONGITUD FIJA
- campo de control de longitud fija: nabaccnnaabn|||||||||| b |nc|||||d
035 ## - NUMERO DE CONTROL
- Número de control: UPN11000013018
040 ## - FUENTE DE CATALOGACIÓN
- Lenguaje de catalogación: SPA
- Agencia de transcripción: UPN
100 1# - ENCABEZAMIENTO - NOMBRE PERSONAL
- Nombre personal: Morales Garza, Sofialeticia
670 ## - FUENTE EN LA QUE SE LOCALIZARON DATOS
- Cita de la fuente: T
- Uniform Resource Identifier: https://www.gob.mx/afsedf/estructuras/sofia-leticia-morales-garza
680 ## - NOTA PUBLICA DE ACCESO PÚBLICO
- Frase explicativa de la referencia: Académica y funcionaria mexicana con Doctorado en Educación
902 ## - CATALOGADOR
- Catalogador: CAA/051217
